Sparkenbroke. (Record no. 121274)
[ view plain ]
| 000 -LEADER | |
|---|---|
| fixed length control field | 00550cam a22002051 4500 |
| 001 - CONTROL NUMBER | |
| control field | 6894933 |
| 003 - CONTROL NUMBER IDENTIFIER | |
| control field | ARRUPE |
| 005 - DATE AND TIME OF LATEST TRANSACTION | |
| control field | 20141119160308.0 |
| 008 - FIXED-LENGTH DATA ELEMENTS--GENERAL INFORMATION | |
| fixed length control field | 740117s1936 xx 000 0 eng |
| 010 ## - LIBRARY OF CONGRESS CONTROL NUMBER | |
| LC control number | 36008014 |
| 035 ## - SYSTEM CONTROL NUMBER | |
| System control number | (OCoLC)778169 |
| 040 ## - CATALOGING SOURCE | |
| Original cataloging agency | DLC |
| Transcribing agency | OTifH |
| Modifying agency | OMC |
| -- | DLC |
| 050 00 - LIBRARY OF CONGRESS CALL NUMBER | |
| Classification number | PZ3.M8194 |
| Item number | S6 |
| 300 ## - PHYSICAL DESCRIPTION | |
| Dimensions | 21 cm. |
| 100 1# - MAIN ENTRY--PERSONAL NAME | |
| Personal name | Morgan, Charles, |
| Dates associated with a name | 1894-1958. |
| 9 (RLIN) | 12734 |
| 245 10 - TITLE STATEMENT | |
| Title | Sparkenbroke. |
| 260 ## - PUBLICATION, DISTRIBUTION, ETC. (IMPRINT) | |
| Place of publication, distribution, etc | New York, |
| Name of publisher, distributor, etc | Macmillan, |
| Date of publication, distribution, etc | 1936. |
| 300 ## - PHYSICAL DESCRIPTION | |
| Extent | 551 p. |
| 906 ## - LOCAL DATA ELEMENT F, LDF (RLIN) | |
| a | 7 |
| b | cbc |
| c | oclcrpl |
| d | u |
| e | ncip |
| f | 19 |
| g | y-gencatlg |
| 942 ## - ADDED ENTRY ELEMENTS (KOHA) | |
| Source of classification or shelving scheme | Library of Congress Classification |
| Koha item type | Monograph ( Printed materials) |
| Withdrawn status | Lost status | Source of classification or shelving scheme | Damaged status | Not for loan | Home library | Current library | Date acquired | Total Checkouts | Full call number | Barcode | Date last seen | Price effective from | Koha item type |
|---|---|---|---|---|---|---|---|---|---|---|---|---|---|
| Library of Congress Classification | ARRUPE LIBRARY | ARRUPE LIBRARY | 19/11/2014 | PZ3.M8194 S6 | 46500003628 | 02/07/2019 | 19/11/2014 | Monograph ( Printed materials) |